[Event "Marseille op 16th"]
[Site "Marseille"]
[Date "2023.12.30"]
[Round "7"]
[White "Baroyan, Davit"]
[Black "Delaplace, Mathias"]
[Result "1-0"]
[WhiteElo "2203"]
[BlackElo "1956"]
[PlyCount "97"]
[EventDate "2023.12.30"]
[EventType "swiss"]
[EventRounds "9"]
[EventCountry "FRA"]
[SourceTitle "CB01_2024"]
[SourceDate "2024.01.03"]
[SourceVersion "1"]
[SourceVersionDate "2024.01.03"]
[SourceQuality "1"]

1. Nf3 Nf6 2. g3 g6 3. b3 Bg7 4. Bb2 0-0 5. Bg2 d6 6. d4 Nbd7 7. 0-0 c6 8. c4 Re8 9. Nc3 e5 10. e3 exd4 11. Nxd4 Nc5 12. Qc2 Ne6 13. Rad1 Nxd4 14. Rxd4 Qe7 15. Qd2 Rd8 16. Rd1 d5 17. cxd5 cxd5 18. Bxd5 Re8 19. Bf3 a6 20. Na4 Bf5 21. Nb6 Rab8 22. Nc4 Be4 23. Qe2 Red8 24. Ba3 Qe8 25. Nd6 Bxf3 26. Nxe8 Rxd4 27. Nxf6+ Bxf6 28. Qxf3 Rxd1+ 29. Qxd1 Rd8 30. Qf3 Kg7 31. Qxb7 Rd1+ 32. Kg2 Ra1 33. Qxa6 Rb1 34. Bc5 h5 35. Bd4 Bxd4 36. exd4 h4 37. gxh4 Rd1 38. Qe2 Rc1 39. d5 Rc8 40. d6 Rd8 41. Qe5+ Kh7 42. Qe7 Rg8 43. Qxf7+ Rg7 44. Qe8 g5 45. h5 g4 46. d7 g3 47. d8Q gxh2+ 48. Kxh2 Rg5 49. Qh8# 1-0